000 01209nam a2200325 a 4500
003 CHAP
005 20220329143540.0
008 100513s1989 mx r 10000 spa d
010 _a98392
011 _a99364
035 _a110050
040 _cCHAP
082 0 4 _a581.634 J6 1989
111 2 _aJornada sobre Herbolaria Medicinal en Veterinaria(
_n2 :
_d1989 :
_cMéxico, D.F.)
_962136
245 1 0 _aMemorias
_c/Compilado por Gerardo López Buendia
260 _aMéxico, D.F. :
_bUNAM. Facultad de Medicina Veterinaria y Zootecnia,
_c1989
300 _a175 p. ;
_bcuadros
590 _aBATCH-UPD
_b10
_c20130110
_lUCH01
_h1137
590 _aBATCH-UPD
_b10
_c20130410
_lUCH01
_h0724
590 _aBATCH-UPD
_b10
_c20130914
_lUCH01
_h0743
590 _aCONVERSION
_b10
_c20130109
_lUCH01
_h1354
650 1 4 _aAnimales y plantas.
_95919
650 1 4 _aBotánica médica.
_914680
650 1 4 _aMedicina tradicional.
_973921
650 1 4 _aVeterinaria
_xMedicamentos.
_9119002
710 0 _aUniversidad Nacional Autónoma de México. Facultad de Medicina Veterinaria y Zootecnia.
_9116531
901 _aBK
942 _cLIBRO
949 _a581.634 J6 1989
_bBC
_cLIBRO
_d33724002163876
_eLIBRO
_gDonaciØn
_h112528
_i110050
_sb
999 _c98392
_d98392